[Event "Druzynowe Mistrzostwa Polski - II liga"]
[Site "Sypniewo k. Jastrowia"]
[Date "1899-12-30"]
[Round "2.24"]
[White "Pluta, Natalia"]
[Black "Zdziarska-zareba, Lidia"]
[Result "1/2-1/2"]
[WhiteTitle "I++"]
[BlackTitle "k+"]
[WhiteElo "1832"]
[BlackElo "1848"]

1. c4 e5 2. Nc3 Nc6 3. g3 Nf6 4. Bg2 Bc5 5. e3 d6 6. Nge2 a6 7. d3 h6 8. O-O O-O
9. h3 Bf5 10. a3 Rb8 11. b4 Ba7 12. Kh2 Qd7 13. b5 axb5 14. Nxb5 Bb6 15. Qc2 Rfe8
16. Nec3 Bg6 17. Bd2 Ba5 18. Rfd1 Re7 19. Be1 b6 20. Rac1 Bxc3 21. Bxc3 Rbe8 22.
Qb2 Nh7 23. a4 f6 24. Rd2 Ng5 25. h4 Nf7 26. Na3 Ncd8 27. Bd5 Ne6 28. a5 bxa5
29. Bxa5 Nc5 30. Rcd1 c6 31. Bg2 Ra8 32. Qb6 Na4 33. Qb4 c5 34. Qb5 Qxb5 35. Nxb5
Rxa5 36. Ra1 e4 37. dxe4 Bxe4 38. Rda2 Bxg2 39. Kxg2 Rd7 40. Rxa4 Rxa4 41. Rxa4
Ne5 42. f4 1/2-1/2

[Event "Druzynowe Mistrzostwa Polski - II liga"]
[Site "Sypniewo k. Jastrowia"]
[Date "1899-12-30"]
[Round "2.25"]
[White "Stysiak, Szymon"]
[Black "Bebel, Arkadiusz"]
[Result "1/2-1/2"]
[WhiteTitle "k"]
[BlackTitle "FM"]
[WhiteElo "2193"]
[BlackElo "2294"]

1. d4 Nf6 2. c4 e6 3. Nf3 d5 4. Nc3 Bb4 5. cxd5 exd5 6. Bg5 h6 7. Bh4 O-O 8. Rc1
g5 9. Bg3 Ne4 10. Nd2 Nxd2 11. Qxd2 c5 12. a3 Ba5 13. Bxb8 Rxb8 14. h4 Re8 15.
hxg5 cxd4 16. Qxd4 Qxg5 17. Rd1 Bf5 18. b4 Bb6 19. Qh4 Qg7 20. Nxd5 Bc2 21. Rc1
Rbc8 22. Qxh6 Bd4 23. Qxg7+ Kxg7 24. Kd2 Bb3 25. Rxc8 1/2-1/2

[Event "Druzynowe Mistrzostwa Polski - II liga"]
[Site "Sypniewo k. Jastrowia"]
[Date "1899-12-30"]
[Round "2.26"]
[White "Sowul, Bartosz"]
[Black "Stanisz, Patryk"]
[Result "1-0"]
[WhiteTitle "k+"]
[BlackTitle "k"]
[WhiteElo "2248"]
[BlackElo "2138"]

1. Nf3 c5 2. c4 Nc6 3. b3 d6 4. Bb2 Nf6 5. g3 g6 6. Bg2 Bg7 7. O-O O-O 8. d4 cxd4
9. Nxd4 Bd7 10. Nc3 Nxd4 11. Qxd4 Bc6 12. Nd5 Ne8 13. Qd2 Nc7 14. Bxg7 Kxg7 15.
Nf4 Bxg2 16. Kxg2 Qd7 17. h4 h6 18. Rad1 b5 19. cxb5 Nxb5 20. Nd5 Rfc8 21. h5
Nc7 22. hxg6 Nxd5 23. Qxd5 fxg6 24. Qd4+ Kg8 25. Rh1 h5 26. Qe4 Kg7 27. Rd5 Rh8
28. Rg5 Qe8 29. f4 e6 30. Rc1 Kh6 31. Rc7 d5 32. Qe5 Rh7 33. Rxh5+ 1-0

[Event "Druzynowe Mistrzostwa Polski - II liga"]
[Site "Sypniewo k. Jastrowia"]
[Date "1899-12-30"]
[Round "2.28"]
[White "Solnicki, Michal"]
[Black "Szmyd, Arkadiusz"]
[Result "1-0"]
[WhiteTitle "k"]
[BlackTitle "k"]
[WhiteElo "2166"]
[BlackElo "2083"]

1. d4 Nf6 2. Nf3 d5 3. g3 e6 4. Bg2 Be7 5. O-O O-O 6. c4 dxc4 7. Qc2 c5 8. Rd1
Nc6 9. dxc5 Qa5 10. Qxc4 Qxc5 11. Na3 e5 12. Be3 Qa5 13. Qb5 Bxa3 14. Qxa5 Nxa5
15. bxa3 Re8 16. Rac1 Nc6 17. Nd2 Be6 18. Nc4 Bxc4 19. Rxc4 e4 20. Bg5 Rad8 21.
Rb1 Rd7 22. Bxf6 gxf6 23. Rxe4 Rxe4 24. Bxe4 Nd8 25. Bd3 b6 26. Rb4 h6 27. Rg4+
Kf8 28. Rh4 Kg7 29. Kf1 Ne6 30. Ke1 Nc5 31. Rg4+ Kf8 32. Bh7 Rd5 33. Rg8+ Ke7
34. Bc2 Ne6 35. Rc8 Ra5 36. Rc3 Rh5 37. h4 Ra5 38. Kd2 Nc5 39. Kc1 Kf8 40. Rf3
Ke7 41. Re3+ Kf8 42. Kb2 Ne6 43. Re4 Nc5 44. Rf4 Ke7 45. a4 Nb7 46. Re4+ Re5 47.
f4 Re6 48. Kc3 Rxe4 49. Bxe4 Nd6 50. Bd3 f5 51. Kd4 Ke6 52. Bc4+ Kf6 53. Bd5 Ne8
54. Bf3 Ke6 55. Bb7 Nf6 56. Bc8+ Kd6 57. Bxf5 Nh5 58. e4 Nxg3 59. Bg4 f6 60. e5+
fxe5+ 61. fxe5+ Kc6 62. Bf3+ Kd7 63. Kd5 Ke7 64. Bg4 h5 65. Bh3 Ne2 66. Kc4 Nf4
67. Bf5 Ng2 68. Be4 Nxh4 69. Kd5 Kd7 70. e6+ Ke7 71. Ke5 a6 72. Kd5 b5 73. a5
b4 74. Ke5 1-0

[Event "Druzynowe Mistrzostwa Polski - II liga"]
[Site "Sypniewo k. Jastrowia"]
[Date "1899-12-30"]
[Round "2.29"]
[White "Zawierucha, Aleksander"]
[Black "Szwaj, Jacek"]
[Result "1/2-1/2"]
[WhiteTitle "k"]
[BlackTitle "I++"]
[WhiteElo "1900"]
[BlackElo "1944"]

1. d4 d5 2. c4 e6 3. Nc3 Nf6 4. cxd5 exd5 5. Bg5 c6 6. Qc2 Nbd7 7. e3 h6 8. Bh4
Bd6 9. Bd3 O-O 10. Nge2 Qc7 11. Bg3 Re8 12. O-O Bxg3 13. Nxg3 Nf8 14. Rac1 Qd6
15. Na4 Ne6 16. Nc5 Nxc5 17. Qxc5 Qxc5 1/2-1/2

[Event "Druzynowe Mistrzostwa Polski - II liga"]
[Site "Sypniewo k. Jastrowia"]
[Date "1899-12-30"]
[Round "2.30"]
[White "Chrzaszcz, Malvina"]
[Black "Gonsior, Monika"]
[Result "0-1"]
[WhiteTitle "k+"]
[BlackTitle "m"]
[WhiteElo "1996"]
[BlackElo "1971"]

1. e4 e6 2. d4 b6 3. Bd3 Bb7 4. Nf3 c5 5. c3 Nf6 6. Qe2 d5 7. e5 Nfd7 8. O-O Nc6
9. a3 Qc7 10. b4 a5 11. bxc5 bxc5 12. Bb5 Na7 13. Bd3 h6 14. Ne1 cxd4 15. cxd4
Qxc1 16. f4 Qc6 17. g4 Qb6 18. Nc2 Nc6 19. Nd2 Nxd4 20. Nxd4 Qxd4+ 21. Kg2 Qa7
22. f5 d4+ 23. Be4 d3 24. Qxd3 Ba6 25. Nc4 Nxe5 26. Nd6+ Kd7 27. fxe6+ fxe6 28.
Qd2 Bxd6 29. Rfd1 Nc4 0-1

[Event "Druzynowe Mistrzostwa Polski - II liga"]
[Site "Sypniewo k. Jastrowia"]
[Date "1899-12-30"]
[Round "2.31"]
[White "Karpus, Michal"]
[Black "Nowak, Kamil"]
[Result "1/2-1/2"]
[WhiteTitle "FM"]
[BlackTitle "m"]
[WhiteElo "2179"]
[BlackElo "2318"]

1. e4 c5 2. Nf3 d6 3. d4 cxd4 4. Nxd4 Nf6 5. Nc3 Nc6 6. Bg5 e6 7. Qd2 a6 8. O-O-O
h6 9. Nxc6 bxc6 10. Bf4 d5 11. Qe3 Bb4 12. Be2 O-O 13. e5 Nh7 14. h4 Qa5 15. Rh3
Bc5 16. Qd2 Ra7 17. Bd3 f5 18. exf6 Nxf6 19. Rf3 Ng4 20. Bg3 Raf7 21. Qe2 e5 22.
Bg6 Rf6 23. Rxf6 Rxf6 24. Bh5 Nxf2 25. Rf1 Bg4 26. Bxg4 Nxg4 27. Rxf6 Nxf6 28.
Bxe5 d4 29. Bxf6 gxf6 30. Ne4 Be7 31. Ng3 Qe5 32. Qg4+ Kf7 33. Nf5 Bf8 34. Nxd4
Qe1+ 35. Qd1 Qxh4 36. Kb1 Qe4 37. Nf3 Bg7 38. a3 f5 39. Qd7+ Kg6 40. Qd8 Kh7 41.
Qa5 Qd5 42. Qe1 a5 43. a4 Bf6 44. c3 Qb3 45. Qd2 Qxa4 46. Qd7+ Kg6 47. Qe8+ Kg7
1/2-1/2

[Event "Druzynowe Mistrzostwa Polski - II liga"]
[Site "Sypniewo k. Jastrowia"]
[Date "1899-12-30"]
[Round "2.32"]
[White "Daniel, Damian"]
[Black "Kukula, Pawel"]
[Result "1/2-1/2"]
[WhiteTitle "CM"]
[BlackTitle "m"]
[WhiteElo "2165"]
[BlackElo "2121"]

1. d4 Nf6 2. c4 g6 3. Nc3 Bg7 4. e4 O-O 5. Nf3 d6 6. h3 Na6 7. Bg5 c5 8. d5 Nc7
9. Bd3 e6 10. O-O exd5 11. exd5 h6 12. Bh4 a6 13. a4 Rb8 14. Qc1 Bd7 15. Ne4 g5
16. Nexg5 hxg5 17. Bxg5 b5 18. axb5 axb5 19. b3 bxc4 20. bxc4 Rb3 21. Rd1 Nce8
22. Qf4 Qb6 23. Rab1 Qb4 24. Bc2 Rxb1 25. Bxb1 Qc3 26. Qh4 Ba4 27. Rc1 Qb2 28.
Bf5 Bd7 29. Bb1 Ba4 30. Kh2 Bb3 31. Bf5 Ba4 32. Re1 Qc3 33. Re3 Qb2 34. Ne1 Qd4
35. Re4 Qd1 36. Nf3 Qa1 37. Re1 Qc3 38. Re3 Qb2 39. Re7 Qc3 40. Re3 Qb2 1/2-1/2

[Event "Druzynowe Mistrzostwa Polski - II liga"]
[Site "Sypniewo k. Jastrowia"]
[Date "1899-12-30"]
[Round "2.33"]
[White "Pacuszka, Tomasz"]
[Black "Stankiewicz, Pawel"]
[Result "1/2-1/2"]
[WhiteTitle "FM"]
[BlackTitle "k"]
[WhiteElo "2186"]
[BlackElo "2104"]

1. e4 e6 2. d4 d5 3. e5 c5 4. c3 Nc6 5. Nf3 Qb6 6. a3 c4 7. Nbd2 Na5 8. Be2 Bd7
9. O-O Ne7 10. Rb1 Qc7 11. Qe1 Nc8 12. Bd1 Nb6 13. Bc2 Ba4 14. Qd1 Qc6 15. Ne1
O-O-O 16. f4 g6 17. h3 h5 18. Ndf3 Be7 19. Be3 Kb8 20. Bf2 Bxc2 21. Nxc2 Nb3 22.
Qe1 Qd7 23. Bh4 Bxh4 24. Qxh4 Rdf8 25. Rf2 Nc8 26. Qg5 Ne7 27. g4 Rh7 28. Kg2
Rfh8 29. Re1 a6 30. Ne3 Ka7 31. Qf6 Qe8 32. Rg1 Ng8 33. Qg5 hxg4 34. hxg4 a5 35.
Re2 Ne7 36. Kf2 Rh3 37. Qf6 Ng8 38. Qg5 Ne7 39. Qf6 Ng8 40. Qg5 Ne7 1/2-1/2

[Event "Druzynowe Mistrzostwa Polski - II liga"]
[Site "Sypniewo k. Jastrowia"]
[Date "1899-12-30"]
[Round "2.34"]
[White "Borowski, Przemyslaw"]
[Black "Krainski, Slawomir"]
[Result "1-0"]
[WhiteTitle "I"]
[BlackTitle "k"]
[WhiteElo "1863"]
[BlackElo "2082"]

1. d4 d5 2. Nf3 Nf6 3. g3 e6 4. Bg2 c5 5. O-O cxd4 6. Nxd4 e5 7. Nb3 Be6 8. Nc3
Be7 9. e4 d4 10. Ne2 Nc6 11. f4 Qb6 12. Kh1 O-O-O 13. h3 h5 14. fxe5 Ng4 15. Nf4
d3 16. Qe1 Nb4 17. Qc3+ Kb8 18. Nd5 Nxd5 19. exd5 Rxd5 20. cxd3 h4 21. d4 hxg3
22. Qxg3 Rdd8 23. Bd2 Bh4 24. Qf3 Be7 25. Ba5 Qb5 26. Bxd8 Bxd8 27. Nc5 Bc8 28.
a4 Qb4 29. Na6+ bxa6 30. Qa8+ Kc7 31. Rac1+ Kb6 32. Qxc8 Ka5 33. Qc6 1-0

[Event "Druzynowe Mistrzostwa Polski - II liga"]
[Site "Sypniewo k. Jastrowia"]
[Date "1899-12-30"]
[Round "2.35"]
[White "Krainski, Aleksander"]
[Black "Reichel, Lukasz"]
[Result "1/2-1/2"]
[WhiteTitle "FM"]
[BlackTitle "I"]
[WhiteElo "2037"]
[BlackElo "1760"]

1. Nf3 Nf6 2. g3 g6 3. Bg2 Bg7 4. O-O O-O 5. d4 d6 6. Nc3 d5 7. Re1 c6 8. e4 dxe4
9. Nxe4 Nxe4 10. Rxe4 Bf5 11. Re1 Bg4 12. c3 Bxf3 13. Qxf3 e6 14. h4 h5 15. Bf4
Nd7 16. Qe2 Nf6 17. Qc2 Re8 18. a4 a5 19. Qb3 Qd7 20. Rad1 Nd5 21. Bd2 b5 22.
Ra1 Reb8 23. axb5 cxb5 24. Bxd5 Qxd5 25. Qxd5 exd5 1/2-1/2

[Event "Druzynowe Mistrzostwa Polski - II liga"]
[Site "Sypniewo k. Jastrowia"]
[Date "1899-12-30"]
[Round "2.36"]
[White "Czaplewska, Klara"]
[Black "Cieslak, Wiktoria"]
[Result "1/2-1/2"]
[WhiteTitle "k+"]
[BlackTitle "k++"]
[WhiteElo "1863"]
[BlackElo "1915"]

1. d4 Nf6 2. g3 e6 3. Bg2 c5 4. Nf3 cxd4 5. Nxd4 d5 6. O-O e5 7. Nb3 Be6 8. Bg5
Nbd7 9. Nc3 Be7 10. e4 d4 11. Nd5 Nxd5 12. exd5 Bxg5 13. dxe6 fxe6 14. Bxb7 Rb8
15. Bc6 O-O 16. Qg4 Rf5 17. Bd5 Qf6 18. Be4 Bh6 19. Bxf5 exf5 20. Qe2 Rc8 21.
Qb5 Qc6 22. Qa5 f4 23. Rfe1 fxg3 24. hxg3 Rf8 25. Re2 Qf3 26. Qe1 Rf5 27. Re4
Be3 28. Rxe3 dxe3 29. Qxe3 Qxe3 30. fxe3 Rf3 31. Kg2 Rxe3 32. Kf2 Re4 33. Nd2
Rd4 34. Nf3 Rd6 35. Re1 h6 36. Re2 Re6 37. c4 g5 38. Rd2 Nf6 39. Ke3 e4 40. Nd4
Ng4+ 41. Ke2 Rf6 42. c5 e3 43. Rc2 Rf2+ 44. Kd3 Kf7 45. c6 Rxc2 46. Kxc2 Ke7 47.
Kd3 Kd6 48. Ke4 a6 49. b4 Nf6+ 50. Kxe3 Nd5+ 51. Ke4 Nxb4 52. a3 Nxc6 53. Nf5+
Kc5 54. Nxh6 Nd4 55. Nf7 1/2-1/2

[Event "Druzynowe Mistrzostwa Polski - II liga"]
[Site "Sypniewo k. Jastrowia"]
[Date "1899-12-30"]
[Round "2.37"]
[White "Golenia, Jan"]
[Black "Cukrowski, Filip"]
[Result "0-1"]
[WhiteTitle "I++"]
[BlackTitle "FM"]
[WhiteElo "2122"]
[BlackElo "2382"]

1. d4 Nf6 2. c4 e6 3. g3 d5 4. Nf3 Be7 5. Bg2 Nbd7 6. Nc3 O-O 7. O-O c6 8. Qc2
dxc4 9. e4 e5 10. Rd1 Qc7 11. dxe5 Nxe5 12. Nxe5 Qxe5 13. Bf4 Qh5 14. Bd6 Bxd6
15. Rxd6 Ng4 16. h3 Ne5 17. Qd1 Qxd1+ 18. Raxd1 g5 19. R1d4 Bxh3 20. Bxh3 Nf3+
21. Kg2 Nxd4 22. Rxd4 Rfd8 23. Rxc4 Rd2 24. Rb4 b5 25. Nb1 Rd3 26. Bf5 a5 27.
Rb3 Rxb3 28. axb3 Rd8 29. e5 Rd4 30. Kf3 Rb4 31. Nd2 a4 32. Be4 c5 33. Bd5 c4
34. bxa4 Rxb2 35. Nxc4 bxc4 36. Bxc4 Rb4 37. Bb5 h5 38. Bd7 Kf8 39. Ke3 Ke7 40.
Bc6 Rb3+ 41. Ke4 h4 42. Kf5 h3 43. Kg4 Rb6 44. Bd5 h2 0-1

[Event "Druzynowe Mistrzostwa Polski - II liga"]
[Site "Sypniewo k. Jastrowia"]
[Date "1899-12-30"]
[Round "2.38"]
[White "Kacprzak, Karol"]
[Black "Golenia, Wojciech"]
[Result "1-0"]
[WhiteTitle "k"]
[BlackTitle "k"]
[WhiteElo "2200"]
[BlackElo "2049"]

1. e4 e5 2. Nf3 Nc6 3. Bb5 a6 4. Ba4 Nf6 5. O-O Be7 6. Re1 b5 7. Bb3 O-O 8. d4
d6 9. c3 Bg4 10. d5 Na5 11. Bc2 Qc8 12. h3 Bd7 13. Nbd2 c6 14. dxc6 Qxc6 15. Nf1
Rac8 16. Ng3 Nc4 17. a4 Qb7 18. b3 Nb6 19. a5 Na8 20. Ba3 Rxc3 21. Bb4 Rc6 22.
Nxe5 dxe5 23. Bxe7 Re8 24. Bxf6 Rxf6 25. b4 Qa7 26. Nf5 Be6 27. Qd2 Nc7 28. Rad1
Bc4 29. Qg5 Ne6 30. Qg3 Qb8 31. Nd6 Nf4 32. Nxe8 Rg6 33. Qh4 Nxg2 34. Qe7 Nxe1+
35. Kh1 Qc8 36. Nf6+ gxf6 37. Rd8+ Qxd8 38. Qxd8+ Kg7 39. Qd1 Nxc2 40. Qxc2 f5
41. Qc3 f6 42. exf5 Bd5+ 43. f3 Rg3 44. Qc7+ Kh6 45. Kh2 Rxf3 46. Qd6 Be4 47.
Qxf6+ Kh5 48. Qxe5 Re3 49. Qf4 Re2+ 50. Kg1 Rg2+ 51. Kf1 Ba8 52. f6 Rg8 53. f7
Rf8 54. Qg4+ Kh6 55. Qg8 1-0

[Event "Druzynowe Mistrzostwa Polski - II liga"]
[Site "Sypniewo k. Jastrowia"]
[Date "1899-12-30"]
[Round "2.39"]
[White "Krawczyk, Wojciech"]
[Black "Kacprzak, Kacper"]
[Result "0-1"]
[WhiteTitle "I++"]
[BlackTitle "k"]
[WhiteElo "2049"]
[BlackElo "2229"]

1. e4 c5 2. Nf3 d6 3. Bb5+ Bd7 4. Bxd7+ Qxd7 5. Nc3 Nf6 6. a4 Qg4 7. e5 dxe5 8.
O-O e4 9. h3 Qh5 10. Nh2 Qxd1 11. Rxd1 Nc6 12. Nb5 O-O-O 13. Re1 h5 14. Nf1 h4
15. b3 a6 16. Na3 e6 17. Bb2 Nd4 18. Rac1 Bd6 19. Nb1 Rh5 20. Nc3 Re5 21. Ne3
Rg5 22. Kh1 Bc7 23. Nf1 Rf5 24. Kg1 Re5 25. Ne2 Rg5 26. Kh1 Nc6 27. Nc3 Be5 28.
Ba3 Bd4 29. Nd1 b6 30. c3 Be5 31. Nde3 Bc7 32. Nc4 b5 33. Nb2 Kb7 34. Nd1 Ne5
35. Re2 Nd3 36. Rb1 Nf4 37. Re3 Nxg2 38. Bxc5 Nxe3 39. Bxe3 Rf5 40. axb5 axb5
41. c4 Bb6 42. Rb2 b4 43. Ra2 Rd3 44. Rb2 Ra5 45. Rb1 Bxe3 46. Nfxe3 Ra3 47. Rc1
Raxb3 48. c5 Rxd2 49. Nc4 Rxd1+ 50. Rxd1 Rxh3+ 51. Kg2 Rc3 52. Nd6+ Kc6 53. Nxf7
h3+ 54. Kh2 Kxc5 55. Ng5 b3 56. Nxe6+ Kb4 57. Nd4 b2 58. Rb1 Ng4+ 0-1

[Event "Druzynowe Mistrzostwa Polski - II liga"]
[Site "Sypniewo k. Jastrowia"]
[Date "1899-12-30"]
[Round "2.40"]
[White "Poltorak, Sebastian"]
[Black "Gawor, Jan Pawel"]
[Result "1-0"]
[WhiteTitle "k"]
[BlackTitle "I+"]
[WhiteElo "2264"]
[BlackElo "1890"]

1. d4 Nf6 2. c4 g6 3. f3 Bg7 4. e4 d6 5. Nc3 O-O 6. Nge2 c5 7. d5 e6 8. Ng3 exd5
9. cxd5 a6 10. a4 h5 11. Bg5 Qe8 12. Qd2 Nh7 13. Bh6 Qe7 14. Bxg7 Kxg7 15. Be2
h4 16. Nf1 h3 17. g4 Nd7 18. Rg1 Ne5 19. Rg3 f6 20. f4 Nf7 21. Rxh3 Bd7 22. Ng3
b5 23. a5 Rac8 24. Nd1 Rce8 25. Ne3 Nh6 26. O-O-O g5 27. Rxh6 f5 28. Ngxf5+ Bxf5
29. Nxf5+ Rxf5 30. Re6 Rxf4 31. Rxe7+ Rxe7 32. h4 Rexe4 33. Bd3 Rd4 34. Qe3 gxh4
35. Qe7+ Rf7 36. Qxh4 Nf6 37. Qg5+ Kf8 38. Bg6 Rxg4 39. Qh6+ Ke7 40. Re1+ Kd7
41. Bxf7 1-0

[Event "Druzynowe Mistrzostwa Polski - II liga"]
[Site "Sypniewo k. Jastrowia"]
[Date "1899-12-30"]
[Round "2.41"]
[White "Wrona, Florian"]
[Black "Sowa, Wiktoria"]
[Result "0-1"]
[WhiteTitle "I+"]
[BlackTitle "WFM"]
[WhiteElo "1581"]
[BlackElo "2016"]

1. e4 c5 2. Nf3 Nc6 3. Bb5 g6 4. O-O Bg7 5. c3 e5 6. Bxc6 dxc6 7. d3 Ne7 8. Be3
b6 9. d4 exd4 10. cxd4 O-O 11. Nc3 c4 12. h3 b5 13. Qc2 f5 14. Bg5 h6 15. Bxe7
Qxe7 16. Rfe1 fxe4 17. Qxe4 Qxe4 18. Nxe4 Bxh3 19. Ne5 Bxe5 20. dxe5 Be6 21. Rad1
Rad8 22. Rd6 Rxd6 23. exd6 Bf5 24. Nc5 Rd8 25. d7 Kf7 26. Rd1 b4 27. Rc1 Bd3 28.
b3 a5 29. bxc4 Bf5 30. Rd1 Ke7 31. Re1+ Kf7 32. Rd1 a4 33. Rd6 Bb1 34. Rd2 Bf5
35. Rd6 a3 36. Rxc6 Bxd7 37. Rc7 Ke8 38. Rb7 Bf5 39. Rxb4 Rd1+ 40. Kh2 Rd2 41.
Ra4 Rxa2 42. Ra7 Kd8 43. f3 Kc8 44. Ne4 Kb8 45. Ra5 Ra1 46. Nc3 Bd3 47. Nb5 a2
48. Ra3 Bxc4 49. Nc3 Kb7 50. Ra4 Be6 51. Kg3 Kb6 52. Rb4+ Kc5 53. Ra4 Bc4 54.
Ne4+ Kd5 55. Nc3+ Kd4 56. Ra3 Kc5 57. Ra4 h5 58. Kf4 Kd4 59. Ra3 Be6 60. g3 Kc5
61. Ra6 Bf7 62. Ra7 Bc4 63. Rg7 Rd1 64. Nxa2 Bxa2 65. Rxg6 Bd5 66. Ke3 Rf1 67.
Rf6 Rg1 68. Kf2 Rh1 69. Rh6 Bf7 70. g4 Kd5 71. Kg2 Re1 72. gxh5 Re5 73. Ra6 Rg5+
74. Kf2 Ke5 75. h6 Rh5 76. Kg3 Be6 77. Ra5+ 0-1

[Event "Druzynowe Mistrzostwa Polski - II liga"]
[Site "Sypniewo k. Jastrowia"]
[Date "1899-12-30"]
[Round "2.42"]
[White "Starosta, Martyna"]
[Black "Czarnecka, Lidia"]
[Result "0-1"]
[WhiteTitle "WCM"]
[BlackTitle "k"]
[WhiteElo "1809"]
[BlackElo "1889"]

1. e4 c5 2. Nf3 Nc6 3. d4 cxd4 4. Nxd4 Qc7 5. Nc3 e6 6. g3 a6 7. Bg2 Nf6 8. O-O
Be7 9. Re1 O-O 10. Be3 Na5 11. Bf4 d6 12. e5 dxe5 13. Bxe5 Qb6 14. Qe2 Bd7 15.
Rad1 Rfd8 16. Ne4 Nxe4 17. Bxe4 Nc6 18. Bxg7 Kxg7 19. Qh5 h6 20. Bxc6 Bxc6 21.
Rxe6 Rxd4 22. Qe5+ Kh7 23. Rxh6+ Kxh6 24. Rxd4 Qxd4 25. Qxd4 Rd8 26. Qe3+ Bg5
27. f4 Bf6 28. c3 Rd1+ 29. Kf2 Rb1 30. Qd2 Rh1 31. Ke3 Rg1 32. Qd6 Kg7 33. a3
Rg2 34. Kd3 Rxh2 35. g4 Rh3+ 36. Kd2 Rh2+ 37. Ke3 Rxb2 38. g5 Bxc3 39. Qh6+ Kg8
40. g6 Bg7 41. Qh7+ Kf8 42. gxf7 Kxf7 43. Qf5+ Bf6 44. Qh7+ Ke6 45. Qh3+ Kd6 46.
Qh6 Ke7 47. Qh7+ Kf8 48. Qh6+ Bg7 49. Qd6+ Kf7 50. Qc7+ Kg6 51. f5+ Kf6 52. Qc8
Bh6+ 53. Kd3 Rd2+ 54. Kc3 Rd7 55. Qh8+ Bg7 56. Qh5 Ke5 57. Qg6 Bf6 58. Kb3 Rd3+
59. Kc2 Rxa3 60. Qf7 Bd5 61. Qe8+ Kd4 62. Qf8 Rc3+ 63. Kb2 Rc6 64. Qb4+ Ke5 65.
Kb1 Be4+ 66. Ka2 Kxf5 0-1

[Event "Druzynowe Mistrzostwa Polski - II liga"]
[Site "Sypniewo k. Jastrowia"]
[Date "1899-12-30"]
[Round "2.43"]
[White "Rudolf, Michal"]
[Black "Kozlowski, Michal"]
[Result "1-0"]
[WhiteTitle "FM"]
[BlackTitle "I++"]
[WhiteElo "2356"]
[BlackElo "2032"]

1. d4 Nf6 2. Nf3 e6 3. c4 b6 4. Bf4 Bb7 5. e3 Bb4+ 6. Nfd2 O-O 7. a3 Bxd2+ 8. Nxd2
d6 9. Nf3 Ne4 10. Bd3 Nd7 11. O-O f5 12. Bxe4 Bxe4 13. Ng5 Qe7 14. Nxe4 fxe4 15.
Qc2 g5 16. Bg3 h5 17. f4 h4 18. Bf2 d5 19. cxd5 exd5 20. Qc6 gxf4 21. Qxd5+ Qf7
22. Qg5+ Qg7 23. Bxh4 Qxg5 24. Bxg5 fxe3 25. Bxe3 Nf6 26. Rf4 Rae8 27. Raf1 Kg7
28. Rf5 Nd7 29. Rg5+ Kh7 30. Rc1 c5 31. dxc5 Nxc5 32. Rc3 Rd8 33. h3 Rd1+ 34.
Kh2 Re8 35. Bxc5 bxc5 36. Rcg3 e3 37. Rh5# 1-0

[Event "Druzynowe Mistrzostwa Polski - II liga"]
[Site "Sypniewo k. Jastrowia"]
[Date "1899-12-30"]
[Round "2.44"]
[White "Kitewski, Bartosz"]
[Black "Markowski, Damian"]
[Result "0-1"]
[WhiteTitle "I"]
[BlackTitle "FM"]
[WhiteElo "1807"]
[BlackElo "2202"]

1. d4 Nf6 2. c4 e5 3. d5 Bc5 4. Nc3 a5 5. Nf3 d6 6. e3 c6 7. Be2 Bf5 8. a3 Na6
9. dxc6 bxc6 10. Qa4 O-O 11. O-O Qc7 12. Nh4 Be6 13. e4 Bd4 14. Qc2 Nc5 15. Bd3
Rab8 16. Ne2 Bxb2 17. Rb1 Bxc1 18. Rfxc1 Rxb1 19. Rxb1 Rb8 20. Rd1 Rb3 21. Nc1
Rxa3 22. Nf5 Bxf5 23. exf5 Qb8 24. Be2 Ra4 25. Nd3 Nfd7 26. f6 Qb3 27. Qc1 Ne6
28. fxg7 Qxc4 29. Qh6 Qh4 30. Qe3 Rd4 31. g3 Qg5 32. Qc1 Qxc1 33. Rxc1 Ndc5 34.
Nb2 Rd2 0-1

[Event "Druzynowe Mistrzostwa Polski - II liga"]
[Site "Sypniewo k. Jastrowia"]
[Date "1899-12-30"]
[Round "2.45"]
[White "Warszawski, Bartosz"]
[Black "Slawinski, Miroslaw"]
[Result "0-1"]
[WhiteTitle "m"]
[BlackTitle "k"]
[WhiteElo "2169"]
[BlackElo "2035"]

1. e4 e6 2. d4 d5 3. Nc3 Nf6 4. Bg5 Be7 5. e5 Nfd7 6. h4 h6 7. Bxe7 Qxe7 8. f4
a6 9. Nf3 c5 10. Qd2 Nc6 11. dxc5 Qxc5 12. O-O-O b5 13. g4 Bb7 14. Ne4 Qb6 15.
Nd6+ Ke7 16. Bd3 b4 17. g5 a5 18. g6 f6 19. Nxb7 Qxb7 20. exf6+ Nxf6 21. Rhe1
Rhe8 22. f5 Kf8 23. fxe6 a4 24. Kb1 a3 25. b3 Rac8 26. Bf5 Ne7 27. Nd4 Qb6 28.
Qe3 Qc5 29. Re2 Kg8 30. Qe5 Red8 31. Rc1 Qc3 32. Nb5 Qf3 33. Bd3 Ng4 34. Qd4 Nc6
35. e7 Nxd4 36. exd8=Q+ Rxd8 37. Nxd4 Qf6 38. Rce1 Rf8 39. c3 bxc3 40. Nf5 c2+
41. Rxc2 Ne5 0-1

[Event "Druzynowe Mistrzostwa Polski - II liga"]
[Site "Sypniewo k. Jastrowia"]
[Date "1899-12-30"]
[Round "2.46"]
[White "Strepikowski, Pawel"]
[Black "Kaim, Piotr"]
[Result "0-1"]
[WhiteTitle "I"]
[BlackTitle "m"]
[WhiteElo "1773"]
[BlackElo "2166"]

1. d4 d5 2. Bf4 Nf6 3. Nf3 e6 4. e3 c5 5. Nbd2 Bd6 6. Bg3 Qc7 7. c3 Nbd7 8. Bd3
O-O 9. O-O e5 10. dxe5 Nxe5 11. Nxe5 Bxe5 12. Bxe5 Qxe5 13. Nf3 Qc7 14. c4 dxc4
15. Bxc4 Bg4 16. Qb3 Bxf3 17. gxf3 Qc6 18. e4 Nh5 19. Kh1 Qf6 20. Qc3 Qh4 21.
Rg1 Rad8 22. Rg4 Qxf2 23. Rag1 g6 24. e5 Ng7 25. Qb3 b5 26. Bxb5 Rb8 27. Qd3 Rfd8
28. Qf1 Qxb2 29. Bc4 Rd2 30. Qh3 Qxe5 31. Qh6 Rbb2 32. Rh4 Ne6 33. Qxh7+ Kf8 34.
Bxe6 Qf6 35. Bg4 Rxa2 36. Qh6+ Qg7 37. Qf4 Rd8 38. Qc7 Qd4 39. Rh8+ Qxh8 40. Qxd8+
Kg7 41. Qxh8+ Kxh8 42. Rc1 Ra5 43. Kg2 Kg7 44. Kg3 Rb5 45. Bh3 Kf6 46. Ra1 c4
47. Rxa7 Rc5 48. Kf4 c3 49. Ra6+ Kg7 50. Ra1 Rh5 51. Kg3 Rg5+ 52. Bg4 Rc5 53.
Rc1 Kf6 54. Kf4 Rc4+ 55. Ke3 Ke5 56. Rc2 f5 57. Bh3 g5 58. Bf1 Rc7 59. Bd3 Rc8
60. Rg2 f4+ 61. Ke2 c2 62. Rxg5+ Kd4 63. Bxc2 Rxc2+ 64. Kd1 Rxh2 65. Ra5 Ke3 66.
Ra3+ Kf2 67. Rb3 Rh8 68. Rd3 Re8 69. Kd2 Re3 70. Rd8 Kxf3 71. Rg8 Kf2 72. Rg4
f3 73. Rg5 Re8 74. Rg7 Rd8+ 75. Kc2 Ke2 76. Re7+ Kf1 77. Rf7 f2 78. Rf6 Rg8 0-1

[Event "Druzynowe Mistrzostwa Polski - II liga"]
[Site "Sypniewo k. Jastrowia"]
[Date "1899-12-30"]
[Round "2.47"]
[White "Rams, Michal"]
[Black "Taranowicz, Michal"]
[Result "1-0"]
[WhiteTitle "k+"]
[BlackTitle "I+"]
[WhiteElo "2131"]
[BlackElo "1855"]

1. e4 d6 2. d4 g6 3. Nc3 Bg7 4. Bc4 Nf6 5. Qe2 Nc6 6. Nf3 O-O 7. e5 dxe5 8. dxe5
Ng4 9. Bf4 Nd4 10. Qe4 c5 11. O-O Nxf3+ 12. gxf3 Nh6 13. Rfd1 Qa5 14. Bxh6 Bxh6
15. Qh4 Bg7 16. Qxe7 Bf5 17. Ne4 Bxe4 18. fxe4 b5 19. Bd5 Rac8 20. e6 Bxb2 21.
exf7+ Kg7 22. Rab1 Bf6 23. Qe6 Qc3 24. Rxb5 Qxc2 25. Rf1 Qe2 26. Bc4 Qh5 27. Rb3
Rcd8 28. Bd5 Be5 29. f4 Bd4+ 30. Kh1 Qe2 31. Bc4 Qc2 32. e5 Qe4+ 33. Rbf3 Rb8
34. Bd5 Qf5 35. Qxf5 gxf5 36. Rg3+ Kh6 37. e6 Bf6 38. Rfg1 1-0

[Event "Druzynowe Mistrzostwa Polski - II liga"]
[Site "Sypniewo k. Jastrowia"]
[Date "1899-12-30"]
[Round "2.48"]
[White "Zarebska, Lena"]
[Black "Bednarska-bzdega, Malgorzata"]
[Result "0-1"]
[WhiteTitle "k"]
[BlackTitle "WFM"]
[WhiteElo "1910"]
[BlackElo "1946"]

1. e4 c5 2. Nf3 g6 3. d4 Bg7 4. c4 Qb6 5. Nc3 cxd4 6. Nd5 Qa5+ 7. b4 Qd8 8. Nxd4
Nf6 9. Nxf6+ Bxf6 10. Be3 O-O 11. Rb1 Nc6 12. Be2 Nxd4 13. Bxd4 Bxd4 14. Qxd4
d6 15. h4 Be6 16. h5 g5 17. h6 f6 18. Rh5 Kh8 19. Rxg5 Rg8 20. Rg7 Rxg7 21. hxg7+
Kxg7 22. Rb3 Kh8 23. Rg3 Qf8 24. Qe3 Qf7 25. Qh6 Rg8 26. Bh5 Qf8 27. Qxf8 Rxf8
28. Ra3 a6 29. Be2 Rc8 30. b5 Bxc4 31. bxa6 bxa6 32. Bxc4 Rxc4 33. Rxa6 Rxe4+
34. Kd2 Kg7 35. Kd3 Re1 36. a4 Rf1 37. Ke3 Ra1 38. a5 Kf7 39. Ra8 Ke6 40. a6 Ra3+
41. Ke2 Kd5 42. a7 Kd4 43. Rh8 Rxa7 44. Rxh7 d5 45. Rh4+ Kc3 46. Rh3+ Kc4 47.
Rh8 Ra2+ 48. Kf3 d4 49. Rc8+ Kd3 50. g4 e5 51. Re8 e4+ 52. Kg3 e3 53. fxe3 dxe3
54. Re6 Rf2 55. Re8 Rf1 56. Rd8+ Ke2 57. Kg2 Rf4 58. Kg3 Re4 59. Ra8 Re5 60. Ra2+
Kd3 61. Ra3+ Kd4 62. Ra1 e2 63. Kf2 e1=Q+ 64. Rxe1 Rxe1 65. Kxe1 Ke3 66. Kf1 Kf3
67. Kg1 Kxg4 68. Kf2 Kf4 69. Kf1 Kf3 0-1